000 01393nam0a2200325 4500
001 RU\NLR\bibl\369871
005 20260406223359.0
010 _a5-89832-027-Х
_91500
035 _a(NLR Aleph) 000364422
090 _a356062
_c356062
100 _a20030220d2002 |||y0rusy50 ca
101 0 _arus
102 _aRU
105 _aa |||||||||
200 1 _aИван Леонидов
_e[Альбом
_fСоюз моск. архитекторов, Рос. акад. архит. и строит. наук
_gА.П. Гозак-сост., вступ. ст., аннот. к проектам
_gА.П. Гозак, А.И. Леонидов-сост. кат.]
210 _aМ.
_cЖираф
_d2002
215 _a239 с.
_cил., цв. ил.
_d30
225 1 _aСерия "Avant Garde"
320 _aБиблиогр. в тексте
600 1 _aЛеонидов
_bИ.И.
_f1902 - 1959
_gИван Ильич
_jАльбомы
_91048780
_3RU\NLR\auth\6687004
686 _aЩ113(2)7-8Леонидов
700 1 _aЛеонидов
_bИ. И.
_f1902-1959
_gИван Ильич
_4070
702 1 _aГозак
_bА. П.
_gАндрей П.
_4220
712 0 2 _4570
_aСоюз московских архитекторов
_3RU\NLR\AUTH\889978715
_9453967
801 0 _aRU
_bNLR
_c20030220
_gPSBO
801 1 _aRU
_bNLR
_c20030220
852 _aNLR
_jЭ АлИс410/2-Л474
942 _cBOOK
980 _aNB